[Event "Spring op"]
[Site "Budapest"]
[Date "1995.??.??"]
[Round "?"]
[White "Szirmai, Eduard"]
[Black "Estrada Nieto, Julian"]
[Result "1/2-1/2"]
[WhiteElo "2245"]
[BlackElo "2340"]

1.d4 d5 2.c4 dxc4 3.Nf3 Nf6 4.e3 e6 5.Bxc4 c5 6.O-O a6 7.a4 Nc6 8.Nc3 Qc7
9.Qe2 Bd6 10.Rd1 O-O 11.Bd2 b6 12.Rac1 Bb7 13.Ba2 Qe7 14.Bb1 Rfd8 15.Ne4 Nxe4
16.Bxe4 h6 17.dxc5 Bxc5 18.Bc3 a5 19.Rxd8+ Rxd8 20.h3 Nb4  1/2-1/2

[Event "Budapest FS10 GM"]
[Site "Budapest"]
[Date "1995.??.??"]
[Round "1"]
[White "Schneider, Attila"]
[Black "Gonzalez Garcia, Jose"]
[Result "1/2-1/2"]
[WhiteElo "2355"]
[BlackElo "2375"]

1.d4 d5 2.Nf3 Nf6 3.c4 dxc4 4.e3 e6 5.Bxc4 c5 6.O-O a6 7.a3 b5 8.Ba2 Bb7
9.Nc3 Nbd7 10.Qe2 Bd6 11.Rd1 Qc7 12.dxc5 Bxc5  1/2-1/2

[Event "Budapest FS08 IM-A"]
[Site "Budapest"]
[Date "1995.??.??"]
[Round "1"]
[White "Gonzalez, J."]
[Black "Meyer, P."]
[Result "1/2-1/2"]
[WhiteElo "2375"]
[BlackElo "2350"]

1.d4 d5 2.c4 e6 3.Nf3 dxc4 4.e3 Nf6 5.Bxc4 c5 6.O-O a6 7.a4 Nc6 8.Qe2 cxd4
9.Rd1 Be7 10.exd4 O-O 11.Nc3 Nb4 12.Ne5 Nfd5 13.Qf3 b6 14.Nxd5 exd5 15.Bb3 Be6
16.Bd2 f6 17.Nd3 Nxd3 18.Qxd3 Qd7 19.Re1 Bf7 20.Rac1 Bd6 21.g3 Qb7 22.Qf5 Rfe8
23.Bf4 Bxf4 24.Qxf4 Qd7 25.Kg2 Rxe1 26.Rxe1 Rc8 27.Re3 h6 28.Bd1 Re8 29.Rc3 Be6
30.h4 Bf5 31.Rc7 Qe6 32.Rb7 Rc8 33.h5 Be4+ 34.Kh2 Qc6 35.Ra7 Qc1 36.Qg4 Rc7
37.Rxc7 Qxc7 38.Qe6+ Kh7 39.Bf3 Qc2 40.Bxe4+ dxe4 41.Kg2 Qe2 42.Qf5+ Kh8
43.Qc8+ Kh7 44.Qf5+ Kh8 45.b4 Qd3 46.Qc8+ Kh7 47.Qf5+ Kh8 48.d5 b5 49.Qc8+ Kh7
50.Qf5+ Kh8 51.a5 Kg8 52.Kh2 Qd4 53.Kh3 Qd3 54.f3 Qf1+ 55.Kg4 exf3 56.Qe6+ Kf8
57.Qc8+ Kf7 58.Qd7+ Kf8 59.Qd6+ Kf7 60.Qc7+ Kf8 61.Qd8+  1/2-1/2

[Event "Budapest FS10 IM-B"]
[Site "Budapest"]
[Date "1995.??.??"]
[Round "3"]
[White "Kozma, Karoly"]
[Black "Nikitin, Andrey"]
[Result "0-1"]
[WhiteElo "2310"]
[BlackElo "2290"]

1.d4 d5 2.Nf3 Nf6 3.c4 dxc4 4.e3 e6 5.Bxc4 c5 6.O-O a6 7.a4 Nc6 8.Qe2 Qc7
9.Nc3 Bd6 10.Rd1 O-O 11.h3 b6 12.d5 exd5 13.Bxd5 Bb7 14.e4 Rae8 15.Bg5 Be5
16.Nxe5 Nxd5 17.Nxd5 Qxe5 18.Qg4 Bc8 19.Qh4 f6 20.Be3 Qxb2 21.Rab1 Qc2 22.Nxb6 Rxe4
23.Qg3 Nd4 24.Qc7 Be6 25.Bxd4 Rxd4 26.Rdc1 Qg6 27.Kh2 c4 28.Rb2 Qe4 29.Rc3 Rd3
30.Rbc2 Qd4 31.Qe7 Qxb6  0-1

[Event "Budapest FS09 IM-A"]
[Site "Budapest"]
[Date "1995.??.??"]
[Round "4"]
[White "Hedman, Erik"]
[Black "Peredy, Ferenc"]
[Result "1/2-1/2"]
[WhiteElo "2320"]
[BlackElo "2235"]

1.d4 d5 2.c4 dxc4 3.Nf3 Nf6 4.e3 e6 5.Bxc4 c5 6.O-O a6 7.Qe2 b5 8.Bb3 Bb7
9.a4 Nbd7 10.axb5 axb5 11.Rxa8 Qxa8 12.Nc3 b4 13.Nb5 Qa5 14.e4 Bc6 15.Bc4 Nb6
16.Bf4 Nxc4 17.Nc7+ Kd7 18.Qxc4 Bd6 19.Bxd6 Kxd6 20.Na6 Ke7 21.d5 exd5 22.exd5 Bxd5
23.Qxc5+  1/2-1/2

[Event "Budapest FS04 IM"]
[Site "Budapest"]
[Date "1995.??.??"]
[Round "4"]
[White "Orso, Miklos"]
[Black "Estrada Nieto, Julian"]
[Result "0-1"]
[WhiteElo "2380"]
[BlackElo "2340"]

1.d4 d5 2.Nf3 Nf6 3.c4 dxc4 4.e3 e6 5.Bxc4 c5 6.O-O a6 7.dxc5 Qxd1 8.Rxd1 Bxc5
9.Nc3 b5 10.Be2 Bb7 11.Bd2 Nbd7 12.a4 b4 13.Na2 a5 14.Bb5 Ke7 15.Rac1 Rhc8
16.Be1 Bd5 17.Ra1 Bb6 18.Nc1 Rc2 19.Nd3 Rac8 20.Rac1 Be4 21.Rxc2 Rxc2 22.Rd2 Bxd3
23.Bxd3 Rc1 24.Kf1 Nc5 25.Bb5 Nfe4 26.Rd4 f6 27.Nd2 Nd6 28.Ke2 e5 29.Rg4 g5
30.f4 h5 31.fxe5 hxg4 32.exd6+ Kxd6 33.Nc4+ Kc7 34.Bg3+ Kb7 35.Nd6+ Ka7 36.Nc8+ Kb7
37.Nd6+ Kb8 38.Ne8+ Kc8 39.Nxf6 Rc2+ 40.Kd1 Rxb2 41.Nxg4 Rxg2 42.Ne5 Bc7
43.Nc4 Bxg3 44.hxg3 b3  0-1

[Event "Budapest Elekes"]
[Site "Budapest"]
[Date "1995.??.??"]
[Round "5"]
[White "Hoelzl, Franz"]
[Black "Almasi, Istvan"]
[Result "1/2-1/2"]
[WhiteElo "2355"]
[BlackElo "2375"]

1.d4 d5 2.Nf3 Nf6 3.c4 dxc4 4.e3 e6 5.Bxc4 c5 6.O-O a6 7.dxc5 Bxc5 8.Bd3 Nc6
9.a3 O-O 10.b4 Bd6 11.Bb2 e5 12.Nbd2 Bg4 13.h3 Bh5 14.g4 Bg6 15.Bxg6 hxg6
16.Nc4 e4 17.Nxd6 exf3 18.Nxb7 Qc8 19.Nc5 Nxg4 20.Qxf3 Nge5 21.Qf4 g5 22.Qg3 Re8
23.Rac1 Qf5 24.f4 gxf4 25.exf4 Ng6 26.Qg4 Nce7 27.Nb7 Qxg4+ 28.hxg4 Nd5 29.f5 Ngf4
30.Rce1 Nd3 31.Rd1 N5f4 32.Rd2 Re3 33.Nc5 Rg3+ 34.Kh1 Re8 35.Nxd3 Nxd3 36.Bd4 Re4
37.Bg1 Rexg4 38.Rfd1 Rh4+ 39.Rh2 Rf4 40.Rhd2 Rh4+ 41.Rh2 Rc4 42.Rhd2 Rc3
43.Bh2 Re3 44.Bd6 Re1+ 45.Rxe1 Nxe1 46.Re2 Nc2 47.a4 Nd4 48.Re8+ Kh7 49.f6  1/2-1/2

[Event "Budapest FS10 IM-A"]
[Site "Budapest"]
[Date "1995.??.??"]
[Round "5"]
[White "Zimmerman, Yuri"]
[Black "Estrada Nieto, Julian"]
[Result "1/2-1/2"]
[WhiteElo "2375"]
[BlackElo "2295"]

1.d4 d5 2.Nf3 Nf6 3.c4 dxc4 4.e3 e6 5.Bxc4 c5 6.O-O a6 7.dxc5 Qxd1 8.Rxd1 Bxc5
9.Nc3 Ke7 10.b3 b5 11.Be2 Bb7 12.Bb2  1/2-1/2

[Event "Schneider mem op"]
[Site "Budapest"]
[Date "1995.??.??"]
[Round "6"]
[White "Peter, Ambrus"]
[Black "Almasi, Istvan"]
[Result "1/2-1/2"]
[WhiteElo "2335"]
[BlackElo "2375"]

1.d4 d5 2.c4 dxc4 3.Nf3 Nf6 4.e3 c5 5.Bxc4 e6 6.O-O a6 7.Nc3 Be7 8.Qe2 b5
9.Bb3 Bb7 10.dxc5 Nbd7 11.Rd1 Qc7 12.Bd2 Nxc5 13.Bc2 O-O 14.Rac1 Qb6 15.a3  1/2-1/2

[Event "Budapest FS04 IM"]
[Site "Budapest"]
[Date "1995.??.??"]
[Round "6"]
[White "Mah, Karl"]
[Black "Estrada Nieto, Julian"]
[Result "0-1"]
[WhiteElo "2170"]
[BlackElo "2340"]

1.d4 d5 2.c4 dxc4 3.Nf3 Nf6 4.e3 e6 5.Bxc4 c5 6.O-O a6 7.Bd3 Nc6 8.Nc3 cxd4
9.exd4 g6 10.Bg5 Bg7 11.Ne4 h6 12.Bxf6 Bxf6 13.Nxf6+ Qxf6 14.Be4 Bd7 15.Qb3 Rb8
16.Qe3 Kf8 17.Bxc6 Bxc6 18.Ne5 Kg7 19.Rfc1 Rbc8 20.Nxc6 bxc6 21.Rc4 Rhd8
22.Rac1 Rd6 23.Qe5 Qxe5 24.dxe5 Rd2 25.R4c2 Rxc2 26.Rxc2 c5 27.g3 g5 28.b3 Kg6
29.Rc4 Kf5 30.f4 Rd8 31.h3 g4 32.h4 Rd1+ 33.Kf2 Rd2+ 34.Ke1 Rxa2 35.Rxc5 Rb2
36.Rc3 Ke4 37.Rc7 Rxb3 38.Rxf7 Rxg3 39.Rf6 h5 40.Rxe6 Kxf4 41.Rxa6 Re3+ 42.Kf2 g3+
43.Kg2 Re2+ 44.Kf1 Rxe5  0-1

[Event "Budapest FS08 GM"]
[Site "Budapest"]
[Date "1995.??.??"]
[Round "10"]
[White "Schneider, Attila"]
[Black "Kallai, Gabor"]
[Result "0-1"]
[WhiteElo "2355"]
[BlackElo "2490"]

1.d4 d5 2.Nf3 Nf6 3.c4 dxc4 4.e3 e6 5.Bxc4 c5 6.Qe2 a6 7.a4 Nc6 8.O-O cxd4
9.Rd1 Be7 10.exd4 O-O 11.Nc3 Nb4 12.Ne5 Bd7 13.Bg5 Rc8 14.Bb3 Bc6 15.Bh4 Bd5
16.Nxd5 Nfxd5 17.Bg3 Bh4 18.Qd2 Bg5 19.f4 Bh4 20.Rf1 Bxg3 21.hxg3 Nc6 22.Nf3 Qd6
23.Rad1 g6 24.Rfe1 Rfd8 25.Ne5 Nxe5 26.Rxe5 Qb6 27.Ba2 Nb4 28.a5 Qd6 29.Bb3 b6
30.Re4 bxa5 31.Kh2 Rb8 32.Rde1 Nd5 33.Bxd5 Qxd5 34.Re5 Qxd4 35.Qxd4 Rxd4
36.Rxa5 Rb6 37.Re2 h5 38.Rf2 Rd1 39.Rc2 Rb1 40.Ra3 Kg7 41.Ra5 Rd6 42.Ra2 Rdd1  0-1

[Event "Budapest FS10 IM-B"]
[Site "Budapest"]
[Date "1995.??.??"]
[Round "10"]
[White "Hetey, Laszlo"]
[Black "Nikitin, Andrey"]
[Result "1/2-1/2"]
[WhiteElo "2290"]
[BlackElo "2290"]

1.d4 d5 2.Nf3 Nf6 3.c4 dxc4 4.e3 e6 5.Bxc4 c5 6.O-O a6 7.b3 b5 8.Be2 Bb7
9.Bb2 Nbd7 10.a4 b4 11.Nbd2 Be7 12.Nc4 O-O 13.Nfe5 Rc8 14.Bf3 Bd5 15.Rc1 cxd4
16.Nxd7 Qxd7 17.Nb6 Rxc1 18.Qxc1 Qb7 19.Nxd5 Nxd5 20.Bxd4 Rc8 21.Qb2 f6 22.Rc1 Rc7
23.Rxc7 Qxc7 24.Bxd5 exd5 25.Qd2 Qc6 26.Bb2 Kf7 27.Qd3 g6 28.h4 h5 29.g3  1/2-1/2

[Event "Budapest FS05 IM"]
[Site "Budapest"]
[Date "1995.??.??"]
[Round "11"]
[White "Hoang Than Trang"]
[Black "Estrada Nieto, Julian"]
[Result "1/2-1/2"]
[WhiteElo "2325"]
[BlackElo "2340"]

1.d4 d5 2.c4 dxc4 3.Nf3 Nf6 4.e3 e6 5.Bxc4 c5 6.O-O a6 7.b3 Nc6 8.Bb2 Be7
9.dxc5 Qxd1 10.Rxd1 Bxc5 11.Nc3 O-O 12.Rac1 Be7 13.Be2 b5 14.e4 Bb7 15.e5 Ne8
16.Rd7 Bc8 17.Rd2 Bb7 18.Rd7 Bc8 19.Rd2 Bb7  1/2-1/2

[Event "Buenos Aires Najdorf"]
[Site "Buenos Aires"]
[Date "1995.??.??"]
[Round "2"]
[White "Hoffman, Alejandro"]
[Black "Spangenberg, Hugo"]
[Result "0-1"]
[WhiteElo "2495"]
[BlackElo "2490"]

1.d4 d5 2.c4 dxc4 3.e3 Nf6 4.Bxc4 e6 5.Nf3 c5 6.O-O a6 7.Bd3 Nbd7 8.Qe2 b6
9.Rd1 Bb7 10.Nbd2 Be7 11.Nf1 Qb8 12.Ng3 h5 13.h3 h4 14.Nf1 e5 15.Nxe5 Nxe5
16.dxe5 Qxe5 17.Bd2 Ne4 18.Be1 Bf6 19.f3 Nd6 20.Bc3 Qe6 21.Bxf6 gxf6 22.e4 Rg8
23.Kh1 Rg5 24.Ne3 Ke7 25.Rd2 Rag8 26.Bc4 Nxc4 27.Qxc4 Qxc4 28.Nxc4 b5 29.Na5 Ba8
30.Rad1 f5 31.Rd7+ Kf6 32.Ra7 fxe4 33.f4 Rd5 34.Rxa6+ Kf5 35.Rc1 e3 36.Nc6 Bxc6
37.Rxc6 e2 38.Kh2 Re8  0-1

[Event "Buenos Aires Clarin op"]
[Site "Buenos Aires"]
[Date "1995.??.??"]
[Round "5"]
[White "Garcia, Raimundo"]
[Black "Spangenberg, Hugo"]
[Result "0-1"]
[WhiteElo "2385"]
[BlackElo "2500"]

1.d4 d5 2.c4 dxc4 3.Nf3 Nf6 4.e3 e6 5.Bxc4 c5 6.O-O a6 7.Bb3 Nbd7 8.e4 Nxe4
9.Re1 c4 10.Bxc4 Nd6 11.Bb3 Be7 12.Nc3 O-O 13.Bf4 b5 14.Qe2 Re8 15.Rad1 Bf8
16.Ne4 Nf6 17.Nc5 Qb6 18.Be5 Nd7 19.Bc2 g6 20.Qe3 Nc4 21.Nxd7 Bxd7 22.Qf4 Bc6
23.Ng5 Nxe5 24.dxe5 Ra7 25.Ne4 Bxe4 26.Rxe4 Rc7 27.Bb3 Rec8 28.Red4 Be7 29.h4 a5
30.a3 a4 31.Ba2 Rc1 32.g3 Rxd1+ 33.Rxd1 Rc2 34.Rd2 Rc1+ 35.Kh2 Qc6 36.f3 Ra1  0-1

[Event "Canberra"]
[Site "Canberra"]
[Date "1995.??.??"]
[Round "5"]
[White "Reilly, Tim"]
[Black "Wohl, Aleksandar H"]
[Result "1/2-1/2"]
[WhiteElo "2350"]
[BlackElo "2400"]

1.d4 d5 2.c4 dxc4 3.e3 Nf6 4.Bxc4 e6 5.Nf3 c5 6.O-O a6 7.Qe2 cxd4 8.exd4 b5
9.Bb3 Be7 10.Nc3 Bb7 11.Re1 O-O 12.Bxe6 fxe6 13.Qxe6+ Kh8 14.Qxe7 Qxe7 15.Rxe7 Bxf3
16.gxf3 Nc6 17.Rb7 Nxd4 18.Kg2 Nc2 19.Rb1 Ne1+ 20.Kg3 Nh5+ 21.Kg4 Nf6+ 22.Kg3 Nh5+
23.Kg4 Nf6+  1/2-1/2

[Event "Cannes op"]
[Site "Cannes"]
[Date "1995.??.??"]
[Round "4"]
[White "Efimov, Igor"]
[Black "Olivier, Jean Christophe"]
[Result "1-0"]
[WhiteElo "2460"]
[BlackElo "2360"]

1.d4 d5 2.c4 dxc4 3.e3 Nf6 4.Bxc4 e6 5.Nf3 c5 6.Qe2 a6 7.Bb3 b5 8.dxc5 Bxc5
9.a4 b4 10.O-O Bb7 11.Rd1 Qc7 12.Nbd2 Nbd7 13.Nc4 a5 14.Bd2 O-O 15.Rac1 e5
16.Be1 e4 17.Nd4 Ne5 18.Nxe5 Qxe5 19.Qb5 Bxd4 20.Rxd4 Qxb5 21.axb5 Rfc8 22.Ra1 h6
23.h3 g6 24.f4 exf3 25.gxf3 Kg7 26.Bh4 g5 27.Bg3 Rc5 28.b6 Bc6 29.Bd6 Rb5
30.Bc7 Rc5 31.e4 Ne8 32.Rd8 Rxd8 33.Bxd8 Kf8 34.Kf2 Nd6 35.Ke3 Nb7 36.Bf6 Bd7
37.Bd5 Bc8 38.Bd4 Rxd5 39.exd5 Bxh3 40.Rc1 Ke8 41.Rc7  1-0

[Event "Cannes Martinez op"]
[Site "Cannes"]
[Date "1995.??.??"]
[Round "7"]
[White "Urday, Henry"]
[Black "Lazarev, Vladimir"]
[Result "0-1"]
[WhiteElo "2435"]
[BlackElo "2410"]

1.d4 d5 2.Nf3 Nf6 3.c4 dxc4 4.e3 e6 5.Bxc4 c5 6.O-O a6 7.a4 Nc6 8.Qe2 cxd4
9.Rd1 Be7 10.exd4 O-O 11.Nc3 Nd5 12.Be3 Ncb4 13.Ne5 Bd7 14.Ne4 Bc6 15.Nxc6 bxc6
16.a5 Nxe3 17.fxe3 Qc7 18.Rdc1 Kh8 19.Ra4 e5 20.Qd2 Rab8 21.Bf1 exd4 22.exd4 Qd8
23.Rc4 Qe8 24.Nc5 Nd5 25.Nxa6 Ra8 26.Nc5 Qd8 27.Kh1 Bg5 28.Qf2 Ne3 29.Nb7 Qc7
30.Rcb4 f5 31.Qf3 Ng4 32.g3 Rae8 33.Rb3 Re1 34.Rc4 Ne3 35.Rxe3 Bxe3 36.Nc5 Qxa5
37.Nd3 Rxf1+  0-1

[Event "Cappelle op"]
[Site "Cappelle la Grande"]
[Date "1995.??.??"]
[Round "1"]
[White "Petkevich, Jusefs"]
[Black "Archangelsky, Mikhail"]
[Result "1-0"]
[WhiteElo "2460"]
[BlackElo "2250"]

1.d4 d5 2.c4 dxc4 3.Nf3 Nf6 4.e3 e6 5.Bxc4 c5 6.Nc3 a6 7.O-O b5 8.Bb3 Bb7
9.Qe2 Nbd7 10.Rd1 Qb6 11.d5 exd5 12.Nxd5 Bxd5 13.Bxd5 Nxd5 14.Rxd5 Qb7 15.e4 Be7
16.Bg5 f6 17.Bf4 Nb6 18.Rd2 O-O 19.Nh4 Rfe8 20.Nf5 Bf8 21.f3 Nc4 22.Rd3 Ne5
23.Bxe5 Rxe5 24.Rad1 c4 25.Rd7 Qb6+ 26.Kh1 Rae8 27.Qd2 Qe6 28.Qf2 Kh8 29.Qg3 Qg8
30.h4 b4 31.Rc7 Rc5 32.Rdd7 Rxc7 33.Qxc7 c3 34.bxc3 bxc3 35.a4 g6 36.Nd6 Bxd6
37.Qxd6 Qe6 38.Qc7  1-0

[Event "Cappelle op"]
[Site "Cappelle la Grande"]
[Date "1995.??.??"]
[Round "4"]
[White "Pushkov, Nikolai"]
[Black "Mamedova, Rena"]
[Result "1/2-1/2"]
[WhiteElo "2505"]
[BlackElo "2180"]

1.Nf3 d5 2.d4 Nf6 3.c4 dxc4 4.e3 e6 5.Bxc4 c5 6.O-O a6 7.a4 Nc6 8.Nc3 Be7
9.Qe2 cxd4 10.Rd1 O-O 11.exd4 Nb4 12.Ne5 Bd7 13.Bg5 Bc6 14.Nxc6 bxc6 15.a5 Ra7
16.Ra4 Nbd5 17.Rda1 Nc7 18.Be3 Ra8 19.Bd3 Qd7 20.Rc4 Rab8 21.Na4 Rb4 22.Nb6 Qd6
23.Rxb4 Qxb4 24.Ra4 Qd6 25.Bxa6 Nxa6 26.Qxa6 Bd8 27.g3 Bxb6 28.Qxb6 Nd5 29.Qc5 Qxc5
30.dxc5 Rb8 31.a6 f6 32.a7 Ra8 33.Ra6 Kf7 34.Bd2 Ke7 35.Rxc6 Rxa7 36.Rc8 Rb7
37.b4 Kd7 38.Ra8 Nxb4 39.Bxb4 Rxb4 40.Ra7+ Kc6 41.Rxg7 Rb7 42.Rg8 Kxc5 43.Rd8 Kc6
44.Kg2 Rd7 45.Rf8 f5 46.Rf6 Kd5 47.f4 Rg7 48.h4 Kd6 49.Rf8 Ke7 50.Ra8 Kf6  1/2-1/2

[Event "Cappelle op"]
[Site "Cappelle la Grande"]
[Date "1995.??.??"]
[Round "5"]
[White "Todorov, Ognjan"]
[Black "Raetsky, Alexander"]
[Result "0-1"]
[WhiteElo "2405"]
[BlackElo "2510"]

1.d4 d5 2.c4 dxc4 3.e3 c5 4.Bxc4 e6 5.Nf3 Nf6 6.O-O a6 7.Bd3 Nbd7 8.Qe2 b6
9.Rd1 Qc7 10.b3 Bb7 11.h3 Be7 12.Bb2 cxd4 13.exd4 Nd5 14.Rc1 Qb8 15.g3 Nb4
16.Be4 Bxe4 17.Qxe4 Nf6 18.Qe2 O-O 19.Ne5 Qb7 20.a3 Nbd5 21.Nd2 Rac8 22.Rc4 b5
23.Rcc1 Rxc1+ 24.Rxc1 Rc8 25.Qd1 h6 26.Rc2 Bd6 27.Qc1 Rxc2 28.Qxc2 Qc7 29.Qd3 Ne7
30.b4 Qb7 31.Nb3 Qd5 32.Qc2 Bxe5 33.dxe5 Nd7 34.Nc5 Nxc5 35.Qxc5 Qxc5 36.bxc5 Kf8
37.Kg2 Ke8 38.Kf3 Kd7 39.Ke4 Kc6 40.Bc3 Ng6 41.Bb4 Nf8 42.f4 Nd7 43.Kd4 h5
44.g4 hxg4 45.hxg4 g6 46.Ke4 Nxc5+ 47.Kd4 Nd7 48.Ke4 Nb6 49.f5 Nd5 50.Bf8 a5
51.fxg6 fxg6 52.Kd4 a4 53.Bd6 b4 54.axb4 Kb5 55.Kd3 Nxb4+ 56.Kc3 Nd5+ 57.Kd4 Nb6  0-1

[Event "Cappelle op"]
[Site "Cappelle la Grande"]
[Date "1995.??.??"]
[Round "7"]
[White "Mandel, Andreas"]
[Black "Raetsky, Alexander"]
[Result "1/2-1/2"]
[WhiteElo "2355"]
[BlackElo "2510"]

1.d4 d5 2.c4 dxc4 3.Nf3 Nf6 4.e3 e6 5.Bxc4 c5 6.O-O a6 7.Qe2 b5 8.Bb3 Bb7
9.Rd1 Nbd7 10.Nc3 Qb8 11.d5 c4 12.dxe6 fxe6 13.Bc2 Bd6 14.e4 O-O 15.h3 Qc7
16.a3 Nc5 17.Rxd6 Qxd6 18.e5 Bxf3 19.gxf3 Qc6 20.exf6 Rxf6  1/2-1/2

[Event "Copenhagen op17"]
[Site "Copenhagen"]
[Date "1995.??.??"]
[Round "3"]
[White "Pedersen, Steffen"]
[Black "Hansen, Lars Bo"]
[Result "0-1"]
[WhiteElo "2400"]
[BlackElo "2580"]

1.d4 d5 2.c4 dxc4 3.Nf3 Nf6 4.e3 e6 5.Bxc4 c5 6.O-O a6 7.Bb3 Nc6 8.Qe2 cxd4
9.Rd1 d3 10.Rxd3 Qc7 11.e4 Nd7 12.Rc3 Bd6 13.Bg5 O-O 14.Nbd2 h6 15.Bh4 Nde5
16.Rd1 Ng6 17.Bg3 Bxg3 18.hxg3 Rd8 19.Nc4 Rxd1+ 20.Qxd1 Bd7 21.e5 Rd8 22.Bc2 Nce7
23.Be4 Bc6 24.Qe1 Bxe4 25.Qxe4 Qc6 26.Qe2 Nd5 27.Rb3 b5 28.Ne3 Nxe3 29.Qxe3 Qc4
30.Ne1 Rd1 31.f4 Ne7 32.Kf2 Nf5 33.Qc3 Qxc3 34.Rxc3 Rd2+ 35.Kf3 Rxb2 36.Ra3 Nd4+
37.Ke3 Nc6 38.Rxa6 Nb4 39.Ra8+ Kh7 40.a3  0-1

[Event "Copenhagen op2"]
[Site "Copenhagen"]
[Date "1995.??.??"]
[Round "4"]
[White "Olsen, Henrik"]
[Black "Shaw, John"]
[Result "0-1"]
[WhiteElo "2360"]
[BlackElo "2280"]

1.d4 d5 2.Nf3 Nf6 3.c4 dxc4 4.e3 e6 5.Bxc4 c5 6.O-O a6 7.a4 Nc6 8.Qe2 Qc7
9.Rd1 Bd6 10.Nc3 O-O 11.h3 b6 12.dxc5 Bxc5 13.e4 Ne5 14.Nxe5 Qxe5 15.Qf3 g5
16.b4 Bxb4 17.Bd2 Qf4 18.Qxf4 gxf4 19.e5 Bxc3 20.Bxc3 Ne4 21.Bb4 Re8 22.Rd4 Bb7
23.f3 Red8 24.Rad1 Rxd4 25.Rxd4 a5 26.Be7 Re8 27.Bh4 Nc5 28.Rxf4 Bc6 29.Rg4+ Kf8
30.Bf6 Bxa4 31.Rg7 Bc2 32.Bb5 Rc8 33.g4 a4 34.f4 Ne4 35.Bxa4 Bxa4 36.Rxh7 Nxf6
37.exf6 Ke8 38.Kf2 Bc2 39.Rh8+ Kd7 40.Rxc8 Kxc8 41.h4 Bd1 42.Kg3 b5 43.h5 b4
44.h6 Bc2  0-1

[Event "Copenhagen BSF-B"]
[Site "Copenhagen"]
[Date "1995.??.??"]
[Round "5"]
[White "Ciric, Dragoljub M"]
[Black "Adamski, Jan"]
[Result "1/2-1/2"]
[WhiteElo "2370"]
[BlackElo "2390"]

1.d4 d5 2.c4 dxc4 3.Nf3 Nf6 4.e3 e6 5.Bxc4 c5 6.O-O a6 7.dxc5 Bxc5 8.Qxd8+ Kxd8
9.b3 Nbd7 10.Bb2 b6 11.Nbd2 Bb7 12.Rfd1 Ke7 13.Nd4 Rac8 14.Rac1 Rc7 15.Be2 Rhc8  1/2-1/2

[Event "DEN-ch qual"]
[Site "Copenhagen"]
[Date "1995.??.??"]
[Round "5"]
[White "Clausen, Steen"]
[Black "Aagaard, Jacob"]
[Result "0-1"]
[WhiteElo "2275"]
[BlackElo "2245"]

1.d4 d5 2.Nf3 Nf6 3.c4 dxc4 4.e3 e6 5.Bxc4 c5 6.O-O a6 7.dxc5 Bxc5 8.a3 O-O
9.b4 Be7 10.Bb2 b5 11.Bd3 Bb7 12.Qe2 Be4 13.Rd1 Qc7 14.Nc3 Bxd3 15.Rxd3 Nbd7
16.Rad1 Rfd8 17.e4 Nb6 18.h3 Nc4 19.Bc1 Rxd3 20.Rxd3 h6 21.Nd2 Ne5 22.Rg3 Bd6
23.Bb2 Ng6 24.Rf3 Ne5 25.Rg3 Nc4 26.Nxc4 Bxg3 27.Ne3 Bh2+ 28.Kh1 Be5 29.Ned1 Qd6
30.g3 Rd8 31.f4 Bxc3 32.Nxc3 Qd2 33.e5 Nh5  0-1

[Event "Copenhagen op17"]
[Site "Copenhagen"]
[Date "1995.??.??"]
[Round "7"]
[White "Hellsten, Johan"]
[Black "Maksimenko, Andrei"]
[Result "1-0"]
[WhiteElo "2420"]
[BlackElo "2525"]

1.d4 d5 2.Nf3 Nf6 3.c4 dxc4 4.e3 e6 5.Bxc4 c5 6.O-O a6 7.b3 Nbd7 8.Bb2 Be7
9.Nbd2 b6 10.Qe2 Bb7 11.Rfd1 O-O 12.dxc5 b5 13.Bd3 Nxc5 14.Bc2 Qb8 15.Rac1 Ncd7
16.Ne4 Rd8 17.Ng3 Nd5 18.Bb1 Bf6 19.Nd4 g6 20.a3 Rc8 21.Rxc8+ Qxc8 22.Ne4 Be7
23.Nf3 Qf8 24.b4 Rc8 25.Qd2 N7b6 26.Qd4 f6 27.Qd3 Nc4 28.Ba1 e5 29.Qb3 Kg7
30.g4 Qf7 31.g5 Qe6 32.gxf6+ Nxf6 33.Nxe5 Nxe4 34.Rd7 Bd5 35.Rxe7+ Qxe7 36.Nc6+ Ne5
37.Qxd5 Qg5+ 38.Kf1 Nf6 39.Bxe5 Kh6 40.Qd4  1-0

[Event "Copenhagen op2"]
[Site "Copenhagen"]
[Date "1995.??.??"]
[Round "9"]
[White "Bekker Jensen, David"]
[Black "Shaw, John"]
[Result "0-1"]
[WhiteElo "2200"]
[BlackElo "2280"]

1.d4 d5 2.c4 dxc4 3.Nf3 Nf6 4.e3 e6 5.Bxc4 c5 6.O-O a6 7.Qe2 b5 8.Bd3 cxd4
9.exd4 Nc6 10.a4 bxa4 11.Rxa4 Nb4 12.Bc4 Be7 13.Bd2 Nfd5 14.Qe1 Qb6 15.Nc3 Bb7
16.Ne5 O-O 17.Ne4 a5 18.Bc3 Rad8 19.Qe2 f5 20.Nd2 Nf4 21.Qe3 Nxg2 22.Qg3 Bh4
23.Qh3 g5 24.Rfa1 Nf4 25.Qf1 g4 26.f3 Rxd4 27.Kh1 Rxd2 28.Bxd2 Ng6 29.Nd7 Qd6
30.Bxe6+ Kg7 31.Bc3+ Kh6 32.Qc1+ Bg5 33.Qe1 Re8 34.Kg1 Rxe6 35.Qd1 Be3+ 36.Kf1 Qxh2
37.Bxb4 Qf2+  0-1

[Event "ESP-chT"]
[Site "Cordoba"]
[Date "1995.??.??"]
[Round "5"]
[White "San Segundo, Pablo"]
[Black "Montoya Bello, Felix J"]
[Result "1-0"]
[WhiteElo "2520"]
[BlackElo "2160"]

1.d4 d5 2.c4 dxc4 3.Nf3 Nf6 4.e3 e6 5.Bxc4 c5 6.O-O a6 7.Bd3 Nc6 8.Nc3 cxd4
9.exd4 Nb4 10.Bb1 Nbd5 11.Bg5 Be7 12.Qd3 b5 13.Ne5 Qb6 14.a4 b4 15.a5 Qc7
16.Nxd5 Nxd5 17.Rc1 Qd6 18.Nc4 Qd8 19.Bxe7 Qxe7 20.Nb6 Nxb6 21.axb6 Qb7 22.Qg3 O-O
23.Qd6 Qd5 24.Qxb4 Bb7 25.f3 Qg5 26.Rc3 a5 27.Qc5 Qd2 28.Be4 Bxe4 29.fxe4 Qxb2
30.Rcc1 Rfd8 31.d5 Rab8 32.Rab1 Qe5 33.b7 Qxe4 34.Qc7 Qd4+ 35.Kh1 Qxd5 36.Qxb8 Rxb8
37.Rc8+ Qd8 38.Rxd8+  1-0

[Event "CUB-ch"]
[Site "CUB"]
[Date "1995.??.??"]
[Round "8"]
[White "Vera, Reynaldo"]
[Black "Borges Mateos, Juan"]
[Result "0-1"]
[WhiteElo "2500"]
[BlackElo "2400"]

1.d4 d5 2.c4 dxc4 3.e3 Nf6 4.Bxc4 e6 5.Nf3 c5 6.O-O a6 7.Bd3 Nc6 8.Nc3 cxd4
9.exd4 Be7 10.Bg5 O-O 11.Rc1 Nb4 12.Bb1 Bd7 13.Ne5 Rc8 14.Qf3 Bc6 15.Qh3 g6
16.Rfe1 Nh5 17.Bxe7 Qxe7 18.Nxc6 Rxc6 19.Be4 Rd6 20.a3 Nc6 21.d5 exd5 22.Nxd5 Qg5
23.Qb3 Re8 24.Nc3 Nf4 25.Bxc6 Rde6 26.Rxe6 Nh3+ 27.Kf1 Qxc1+ 28.Nd1 Rxe6
29.Bd5 Rb6 30.Bxf7+ Kg7 31.Qd5 Nf4 32.Qd7 Qc6 33.Qd4+ Qf6 34.Qxf6+ Kxf6 35.Bg8 Kg7
36.Ba2 Rd6 37.Bb3 Nd3 38.Bc2 Nxb2 39.Nxb2 Rd2  0-1

[Event "Dortmund op"]
[Site "Dortmund"]
[Date "1995.??.??"]
[Round "5"]
[White "Hetey, Laszlo"]
[Black "Hummel, Dirk"]
[Result "1/2-1/2"]
[WhiteElo "2290"]
[BlackElo "2255"]

1.d4 d5 2.Nf3 Nf6 3.c4 dxc4 4.e3 e6 5.Bxc4 c5 6.O-O a6 7.Nc3 b5 8.Be2 Bb7
9.b3 Nbd7 10.Bb2 Qb8 11.Rc1 Bd6 12.h3 O-O 13.a4 cxd4 14.Nxd4 bxa4 15.Nxa4 Bd5
16.Nc3 Bb7 17.Bd3 Ne5 18.Bc2 Ng6 19.Nf3 Be7 20.Ra1 Rd8 21.Qe2 Nd7 22.Rfb1 Nde5
23.Nd4 Bb4 24.Ne4 h6 25.Ba3 Bxa3 26.Rxa3 Qc7 27.b4 Bd5 28.Nd2 Bb7 29.Be4 Rdb8
30.f3 Qb6 31.Bxb7 Rxb7 32.Ne4 Rc7 33.Rab3 Rac8  1/2-1/2

[Event "Dublin"]
[Site "Dublin"]
[Date "1995.??.??"]
[Round "5"]
[White "Ryan, Joseph"]
[Black "O'Cinneide, Mel"]
[Result "1/2-1/2"]
[WhiteElo "2230"]
[BlackElo "2280"]

1.d4 d5 2.c4 dxc4 3.e3 Nf6 4.Bxc4 e6 5.Nf3 c5 6.Qe2 a6 7.dxc5 Bxc5 8.O-O Qc7
9.e4 Ng4 10.e5 Nxf2 11.Nc3 Ne4+ 12.Kh1 Nxc3 13.bxc3 Nd7 14.Ng5 Qxe5 15.Qh5 g6
16.Qf3 Qg7 17.Nxf7 O-O 18.Bh6 Qxf7 19.Qxf7+ Rxf7 20.Bxe6 Ne5 21.Bd5 Bf5 22.h3 Bf8
23.Bf4 Nd3 24.Bg5 h6 25.Bh4 Re8 26.Bxf7+ Kxf7 27.g4 Re3 28.gxf5 Rxh3+ 29.Kg2 Rxh4
30.fxg6+ Kg8 31.Rad1 Ne5 32.Rd8 Nxg6 33.Rb8 Rg4+ 34.Kh3 Rh4+ 35.Kg3 Rc4 36.Rxb7 Bd6+
37.Kf3 Rf4+ 38.Ke2 Re4+ 39.Kd3 Rg4 40.Rf6 Ne5+ 41.Kc2 Bf8 42.Rxa6 Ng6 43.Raa7 h5
44.Rh7 Ra4 45.Rxa4 Kxh7 46.Kd3 Kh6 47.Ke2 Kg5 48.Kf3 Bd6 49.Ra5+ Ne5+ 50.Kg3 Kf5
51.Kh4 Ke4 52.a4 Nc4 53.Rxh5 Be5 54.Kg5 Bxc3 55.Kg6 Ne5+ 56.Kf6 Kd5 57.a5 Kc6
58.Ke6 Nd7 59.a6 Bd4 60.Ke7 Bc5+ 61.Kd8 Bb6+ 62.Kc8 Nc5 63.a7 Bxa7 64.Rxc5+  1/2-1/2

[Event "Duesseldorf"]
[Site "Duesseldorf"]
[Date "1995.??.??"]
[Round "2"]
[White "Duesterwald, Marc"]
[Black "Donchenko, Anatoly G"]
[Result "1/2-1/2"]
[WhiteElo "2250"]
[BlackElo "2405"]

1.d4 d5 2.c4 dxc4 3.e3 Nf6 4.Bxc4 e6 5.Nf3 c5 6.O-O a6 7.a4 Nc6 8.Nc3 Bd6
9.dxc5 Bxc5 10.Qxd8+ Kxd8 11.e4 Ng4 12.h3 Nge5 13.Nxe5 Nxe5 14.Be2 Ke7 15.Rb1 a5
16.Rd1 b6 17.Bf4 f6 18.Bb5 Ra7 19.Rd2 Rd8 20.Rxd8 Kxd8 21.Rd1+ Ke7 22.Bxe5 fxe5
23.Kf1 Rc7 24.Ke2 Bb7 25.f3 Bd4 26.Rc1 Rc8 27.Kd2 h5 28.g3 Bc5 29.Ke2 g5
30.Rh1 Bd4 31.h4 g4 32.fxg4 Bxc3 33.bxc3 Bxe4 34.Rd1 hxg4 35.Rd7+ Kf6 36.c4 Bc6
37.Rd6 Bxb5 38.cxb5 Rc4 39.Rxb6 Rxa4 40.Ra6 Ra2+ 41.Kf1 Kf5 42.b6 Rb2 43.Rxa5 Rxb6
44.Ra8 Rb1+ 45.Kf2 Rb2+ 46.Kf1 Rb3 47.Kf2 Rf3+ 48.Kg2 Rd3 49.Rg8 Rd2+ 50.Kg1 Ra2
51.Rg5+ Ke4 52.h5 Kf3 53.Rxe5 Rg2+ 54.Kh1 Rxg3 55.Rxe6 Kf2 56.Rf6+ Rf3 57.Rxf3+ gxf3
58.h6 Ke2 59.h7 f2 60.h8=Q f1=Q+ 61.Kh2 Qf4+ 62.Kh3 Qf3+ 63.Kh2  1/2-1/2